[Event "GER-ch 81st"]
[Site "Bad Liebenzell"]
[Date "2010.03.11"]
[Round "7"]
[White "Ritscher, Jan Paul"]
[Black "Koller, Jens"]
[Result "1/2-1/2"]
[WhiteElo "2316"]
[BlackElo "2270"]
[EventDate "2010.03.05"]
[PlyCount "89"]

1. d4 Nf6 2. c4 g6 3. Nc3 Bg7 4. e4 O-O 5. e5 Ne8 6. f4 d6 7. Be3 c5 8. dxc5 Nc6 9. Nf3 Bg4 10. cxd6 exd6 11. Be2 dxe5 12. Qxd8 Rxd8 13. Bc5 Nd6 14. O-O-O Bxf3 15. Bxf3 Nd4 16. fxe5 Bh6+ 17. Kb1 Nxf3 18. gxf3 Nxc4 19. Bxf8 Rxf8 20. Rd7 Nxe5 21. Rxb7 Nxf3 22. Rxa7 f5 23. b4 Nd2+ 24. Kc2 Rc8 25. Re1 Ne4 26. Rxe4 fxe4 27. Kb3 e3 28. Re7 Kf8 29. Re4 Re8 30. Rxe8+ Kxe8 31. Kc4 Kd7 32. a4 Bf4 33. h3 g5 34. Kd3 h5 35. Nd5 Bd6 36. b5 e2 37. Kxe2 Ke6 38. Ne3 Bc7 39. Kd3 Kd6 40. Ke4 Kc5 41. Nd5 Bd8 42. Ne3 Kb4 43. Nd5+ Kc5 44. Nc3 Kc4 45. Nd5 1/2-1/2

[Event "GER-ch 81st"]
[Site "Bad Liebenzell"]
[Date "2010.03.11"]
[Round "7"]
[White "Schoene, Ralf"]
[Black "Roehl, Rainer"]
[Result "1-0"]
[WhiteElo "2316"]
[BlackElo "2182"]
[EventDate "2010.03.05"]
[PlyCount "93"]

1. c4 c5 2. Nc3 Nc6 3. g3 g6 4. Bg2 Bg7 5. e3 d6 6. Nge2 e5 7. d3 Nge7 8. Nd5 O-O 9. O-O Rb8 10. Nec3 b6 11. a3 Bb7 12. Rb1 f5 13. b4 Nxd5 14. Nxd5 Ne7 15. Qa4 Nxd5 16. cxd5 Ra8 17. Bd2 Bh6 18. f4 exf4 19. gxf4 Qf6 20. bxc5 dxc5 21. Qc4 Qf7 22. e4 Rad8 23. a4 Bg7 24. a5 Bd4+ 25. Kh1 Rd6 26. Bc3 Bxc3 27. Qxc3 fxe4 28. dxe4 Rf6 29. axb6 axb6 30. Qe3 Re8 31. Qg3 b5 32. Rf2 b4 33. e5 Rxe5 34. fxe5 Rxf2 35. e6 Qf4 36. Qxf4 Rxf4 37. d6 Bxg2+ 38. Kxg2 Rd4 39. Ra1 Rxd6 40. Ra8+ Kg7 41. e7 Re6 42. e8=Q Rxe8 43. Rxe8 Kf6 44. Rc8 Ke5 45. Rxc5+ Kd4 46. Rc7 h5 47. Rg7 1-0

[Event "GER-ch 81st"]
[Site "Bad Liebenzell"]
[Date "2010.03.11"]
[Round "7"]
[White "Schulze, Ulrich"]
[Black "Figura, Atila Gajo"]
[Result "1/2-1/2"]
[WhiteElo "2320"]
[BlackElo "2418"]
[EventDate "2010.03.05"]
[PlyCount "36"]

1. d4 d5 2. Nf3 Nf6 3. c4 dxc4 4. e3 e6 5. Bxc4 c5 6. O-O a6 7. dxc5 Qxd1 8. Rxd1 Bxc5 9. Be2 Nc6 10. a3 O-O 11. b4 Be7 12. Bb2 Bd7 13. Nbd2 Rfd8 14. Nc4 Be8 15. Nb6 Rxd1+ 16. Rxd1 Rd8 17. Rxd8 Bxd8 18. Nc4 Bc7 1/2-1/2

[Event "GER-ch 81st"]
[Site "Bad Liebenzell"]
[Date "2010.03.11"]
[Round "7"]
[White "Schwing, Hans Elmar"]
[Black "Dauenheimer, Torsten"]
[Result "1/2-1/2"]
[WhiteElo "2308"]
[BlackElo "2233"]
[EventDate "2010.03.05"]
[PlyCount "40"]

1. d4 Nf6 2. c4 e6 3. Nf3 b6 4. g3 Ba6 5. b3 b5 6. cxb5 Bxb5 7. Bg2 d5 8. O-O Nbd7 9. Nc3 Ba6 10. Bb2 Bd6 11. Rc1 Rc8 12. Re1 Bb7 13. Nd2 c5 14. e4 cxd4 15. Nb5 Bb8 16. Rxc8 Qxc8 17. exd5 Bxd5 18. Bxd5 Nxd5 19. Nc4 O-O 20. Qxd4 N7f6 1/2-1/2

[Event "GER-ch 81st"]
[Site "Bad Liebenzell"]
[Date "2010.03.11"]
[Round "7"]
[White "Siebrecht, Sebastian"]
[Black "Tabatt, Hendrik"]
[Result "1-0"]
[WhiteElo "2457"]
[BlackElo "2347"]
[EventDate "2010.03.05"]
[PlyCount "61"]

1. d4 Nf6 2. c4 g6 3. Nc3 Bg7 4. e4 O-O 5. Nf3 d6 6. h3 a6 7. Be3 Nbd7 8. Be2 c5 9. O-O cxd4 10. Nxd4 Nc5 11. Qc2 Bd7 12. Rfd1 Rc8 13. Rac1 Qe8 14. b4 Na4 15. Nd5 b5 16. Nxf6+ Bxf6 17. Bh6 Nb6 18. c5 dxc5 19. bxc5 Na4 20. c6 Bxd4 21. cxd7 Qxd7 22. Rxd4 Rxc2 23. Rxd7 Rxe2 24. Bxf8 Kxf8 25. Rc8+ Kg7 26. Rxe7 Kf6 27. Rcc7 Rxa2 28. f4 h5 29. g4 Ra1+ 30. Kg2 Ra2+ 31. Kg3 1-0

[Event "GER-ch 81st"]
[Site "Bad Liebenzell"]
[Date "2010.03.11"]
[Round "7"]
[White "Strunski, Andreas"]
[Black "Fiebig, Thomas"]
[Result "1/2-1/2"]
[WhiteElo "2378"]
[BlackElo "2428"]
[EventDate "2010.03.05"]
[PlyCount "164"]

1. d4 d5 2. c4 c6 3. Nf3 Nf6 4. Nc3 a6 5. a4 e6 6. g3 Nbd7 7. Bg2 Bb4 8. Bf1 Bf8 9. Bg2 Bb4 10. O-O O-O 11. Bf4 dxc4 12. Qc2 Nd5 13. Bd2 Be7 14. a5 Nb4 15. Qc1 b5 16. axb6 a5 17. Na2 Nxa2 18. Rxa2 Qxb6 19. Qa1 Bb7 20. Bxa5 Qa6 21. Nd2 Bf6 22. Ra3 Qb5 23. Ne4 Bxd4 24. Nd6 Qe5 25. Nxc4 Qxe2 26. Qa2 Ne5 27. Nxe5 Qxe5 28. Bc3 Bxc3 29. bxc3 Qxc3 30. Rxc3 Rxa2 31. Rb1 Ba8 32. Bxc6 g6 33. Bxa8 Rfxa8 34. h4 R8a5 35. Rf3 Rf5 36. Kg2 Kg7 37. Rb7 h6 38. Rc7 Re2 39. Re7 Re1 40. Ra7 e5 41. Ra5 h5 42. Rb5 Rxf3 43. Kxf3 Kf6 44. Rb7 Ke6 45. Ra7 f6 46. Ra6+ Kf5 47. Ra5 Rb1 48. Rc5 Ra1 49. Rb5 Ra4 50. Rc5 g5 51. hxg5 Kxg5 52. Rc8 h4 53. Rg8+ Kf5 54. gxh4 Rxh4 55. Ra8 Rh3+ 56. Kg2 Rb3 57. Ra6 e4 58. Rc6 Ke5 59. Rc8 f5 60. Rh8 Ra3 61. Rh7 Ra2 62. Rh8 f4 63. Re8+ Kd4 64. Rf8 f3+ 65. Kg3 Ra6 66. Rd8+ Ke5 67. Re8+ Re6 68. Rg8 Re7 69. Kg4 Rd7 70. Kg3 Kd4 71. Ra8 Rg7+ 72. Kf4 Rf7+ 73. Kg3 Rf6 74. Ra4+ Kd3 75. Ra3+ Kc2 76. Ra4 Re6 77. Ra2+ Kb3 78. Ra1 Kc4 79. Ra4+ Kd5 80. Ra5+ Kd6 81. Ra6+ Ke7 82. Ra3 Kf6 1/2-1/2

[Event "GER-ch 81st"]
[Site "Bad Liebenzell"]
[Date "2010.03.12"]
[Round "8"]
[White "Bastian, Herbert"]
[Black "Zeller, Frank"]
[Result "0-1"]
[WhiteElo "2351"]
[BlackElo "2420"]
[EventDate "2010.03.05"]
[PlyCount "70"]

1. e4 e5 2. Nf3 Nc6 3. Bc4 Nf6 4. d3 Be7 5. Bb3 O-O 6. O-O d6 7. c3 Kh8 8. Nbd2 Ng8 9. d4 Bg4 10. h3 Bh5 11. g4 Bg6 12. d5 Nb8 13. Kh1 c6 14. c4 Nf6 15. Bc2 b5 16. b3 bxc4 17. bxc4 cxd5 18. cxd5 Qc8 19. Ba3 h5 20. Rc1 hxg4 21. Bd3 Qd7 22. Nh4 Bh7 23. hxg4 Nxd5 24. Nf5 Nf4 25. Bc4 Bxf5 26. gxf5 d5 27. Bxd5 Bxa3 28. Bxa8 Bxc1 29. Qxc1 Qd3 30. f3 Qe2 31. Rg1 Rd8 32. Bd5 Rd6 33. Rg6 Nxg6 34. Qc8+ Kh7 35. Qxb8 Nf4 0-1

[Event "GER-ch 81st"]
[Site "Bad Liebenzell"]
[Date "2010.03.12"]
[Round "8"]
[White "Bogner, Sebastian"]
[Black "Naumann, Alexander"]
[Result "1/2-1/2"]
[WhiteElo "2522"]
[BlackElo "2528"]
[EventDate "2010.03.05"]
[PlyCount "28"]

1. d4 Nf6 2. c4 e6 3. Nf3 d5 4. Nc3 Be7 5. Qc2 c5 6. dxc5 d4 7. Nb5 e5 8. Nxe5 a6 9. Qa4 O-O 10. Nd6 Bxd6 11. cxd6 Qxd6 12. Nd3 Bf5 13. Bf4 Qe6 14. Qa3 Qxc4 1/2-1/2

[Event "GER-ch 81st"]
[Site "Bad Liebenzell"]
[Date "2010.03.12"]
[Round "8"]
[White "Engelmann, Jakob"]
[Black "Lentrodt, Thomas"]
[Result "0-1"]
[WhiteElo "2213"]
[BlackElo "2367"]
[EventDate "2010.03.05"]
[PlyCount "60"]

1. e4 e6 2. d4 d5 3. Nc3 Nf6 4. e5 Nfd7 5. Nce2 c5 6. c3 cxd4 7. cxd4 Nc6 8. f4 Be7 9. Nf3 O-O 10. a3 f6 11. h4 a5 12. b3 a4 13. b4 Nb6 14. Neg1 Bd7 15. Bd3 f5 16. g4 Qe8 17. gxf5 exf5 18. Ra2 Nd8 19. Rg2 Ne6 20. Ne2 Bb5 21. Bb1 Bxe2 22. Rxe2 Rc8 23. Rg1 Qh5 24. Rc2 Rxc2 25. Bxc2 Rc8 26. Rg2 Rc3 27. Rf2 Qg4 28. Ng5 Qg1+ 29. Rf1 Qg3+ 30. Ke2 Rxc2+ 0-1

[Event "GER-ch 81st"]
[Site "Bad Liebenzell"]
[Date "2010.03.12"]
[Round "8"]
[White "Fiebig, Thomas"]
[Black "Siebrecht, Sebastian"]
[Result "0-1"]
[WhiteElo "2428"]
[BlackElo "2457"]
[EventDate "2010.03.05"]
[PlyCount "146"]

1. e4 g6 2. d4 Bg7 3. Nf3 d6 4. Be2 c5 5. c3 Nf6 6. dxc5 dxc5 7. Qxd8+ Kxd8 8. Ng5 Ke8 9. Bc4 e6 10. f3 h6 11. Nh3 Nc6 12. Be3 b6 13. Nd2 Ke7 14. Be2 e5 15. Nf2 Be6 16. b3 Nh5 17. Bc4 Nf4 18. Rg1 Rhd8 19. g3 Nh5 20. Ke2 Rac8 21. Rgd1 Bd7 22. Rac1 f5 23. Nf1 f4 24. Bd2 g5 25. g4 Nf6 26. Be1 Na5 27. Bd5 c4 28. b4 Nxd5 29. Rxd5 Nb7 30. Rcd1 Be6 31. Rxd8 Nxd8 32. Rd2 Nc6 33. Nd1 a5 34. a3 Nd4+ 35. Kf2 Nb3 36. Rc2 axb4 37. axb4 Ra8 38. Nd2 Na1 39. Rb2 b5 40. Ke2 Kd7 41. Bf2 Bf8 42. h3 Be7 43. Bb6 Kc6 44. Bf2 h5 45. Bg1 h4 46. Bf2 Nb3 47. Rc2 Ra1 48. Nf1 Kb7 49. Bg1 Bxb4 50. cxb4 Nd4+ 51. Bxd4 exd4 52. Ke1 c3 53. Nd2 Kb6 54. e5 Bd5 55. Ke2 Bc4+ 56. Nxc4+ bxc4 57. Nf2 Kb5 58. e6 Ra6 59. Kd1 Rxe6 60. Ne4 Ra6 61. Nxg5 Kxb4 62. Ne4 Ra3 63. g5 d3 64. Rxc3 Rxc3 65. Nxc3 Kxc3 66. g6 Kb2 67. g7 c3 68. g8=Q c2+ 69. Ke1 c1=Q+ 70. Kf2 Qe3+ 71. Kg2 Qe2+ 72. Kg1 Qe1+ 73. Kg2 Qg3+ 0-1

[Event "GER-ch 81st"]
[Site "Bad Liebenzell"]
[Date "2010.03.12"]
[Round "8"]
[White "Figura, Atila Gajo"]
[Black "Vatter, Hans Joachim"]
[Result "1-0"]
[WhiteElo "2418"]
[BlackElo "2328"]
[EventDate "2010.03.05"]
[PlyCount "53"]

1. e4 e6 2. d3 d5 3. Nd2 Nf6 4. Ngf3 b6 5. c3 a5 6. Be2 Be7 7. O-O O-O 8. Re1 dxe4 9. dxe4 Ba6 10. e5 Nfd7 11. Nc4 Nc6 12. Bf4 Nc5 13. Qc2 Qd5 14. Rad1 Qe4 15. Qxe4 Nxe4 16. Rd7 Bc5 17. Nd4 Bxd4 18. cxd4 Rfd8 19. Nxb6 cxb6 20. Rxd8+ Rxd8 21. Bxa6 Rxd4 22. Be3 Rb4 23. a3 Rxb2 24. Bb7 Rc2 25. f3 Nxe5 26. Bxe4 Rb2 27. Bd4 1-0

[Event "GER-ch 81st"]
[Site "Bad Liebenzell"]
[Date "2010.03.12"]
[Round "8"]
[White "Heimann, Andreas"]
[Black "Heinig, Wolfram"]
[Result "1-0"]
[WhiteElo "2458"]
[BlackElo "2345"]
[EventDate "2010.03.05"]
[PlyCount "67"]

1. e4 c6 2. d4 d5 3. e5 Bf5 4. h4 h5 5. Bg5 Qb6 6. Bd3 Bxd3 7. Qxd3 e6 8. Nd2 Ne7 9. Ngf3 Qa6 10. c4 Nd7 11. O-O Nf5 12. Qc3 dxc4 13. Nxc4 Nb6 14. Ne3 Nd5 15. Nxd5 cxd5 16. Rfc1 Be7 17. Bxe7 Nxe7 18. Qc5 Nc6 19. b4 Qb6 20. b5 Qxc5 21. Rxc5 Na5 22. Rac1 O-O 23. Rc7 b6 24. Ng5 Nc4 25. Rc3 Nd2 26. Ra3 a5 27. bxa6 Nc4 28. Rg3 Rae8 29. a7 Nd2 30. Rd3 Ne4 31. Rb3 Nxg5 32. hxg5 Kh7 33. Rxb6 Kg6 34. Rcb7 1-0

[Event "GER-ch 81st"]
[Site "Bad Liebenzell"]
[Date "2010.03.12"]
[Round "8"]
[White "Hirneise, Jens"]
[Black "Ritscher, Jan Paul"]
[Result "0-1"]
[WhiteElo "2294"]
[BlackElo "2316"]
[EventDate "2010.03.05"]
[PlyCount "100"]

1. e4 Nf6 2. e5 Nd5 3. c4 Nb6 4. d4 d6 5. exd6 exd6 6. h3 Be7 7. Nf3 Bf5 8. Nc3 O-O 9. Be2 Nc6 10. d5 Ne5 11. Nd4 Bd7 12. b3 c5 13. Nc2 f5 14. f4 Bh4+ 15. Kf1 Ng6 16. Qd3 Bf6 17. Bd2 Nh8 18. Re1 Qe8 19. g3 Qf7 20. Kg2 Rae8 21. Be3 Re7 22. Bf3 Rfe8 23. Re2 g6 24. Na3 Qg7 25. Nab5 Bxb5 26. Nxb5 Nc8 27. Na3 Nf7 28. Nc2 g5 29. fxg5 Bxg5 30. Bxg5 Rxe2+ 31. Bxe2 Qxg5 32. Rf1 Re4 33. h4 Qg6 34. Kh2 Ne5 35. Qd2 Ne7 36. Bf3 Nxf3+ 37. Rxf3 Qf6 38. Ne3 Qe5 39. Qf2 Rxh4+ 40. Kg2 Rh5 41. Rf4 Qa1 42. Nf1 Rg5 43. Qe3 Qf6 44. Rf2 Kg7 45. Nd2 Rg4 46. Re2 Ng6 47. Kh2 Ne5 48. Rg2 Rd4 49. Kg1 Qg6 50. Qe1 Rxd2 0-1

[Event "GER-ch 81st"]
[Site "Bad Liebenzell"]
[Date "2010.03.12"]
[Round "8"]
[White "Khenkin, Igor"]
[Black "Hirneise, Tobias"]
[Result "1/2-1/2"]
[WhiteElo "2597"]
[BlackElo "2438"]
[EventDate "2010.03.05"]
[PlyCount "61"]

1. d4 d5 2. c4 c6 3. e3 Bf5 4. Nc3 e6 5. g4 Bg6 6. Nge2 dxc4 7. Nf4 Bd6 8. Bxc4 Bxf4 9. exf4 Nf6 10. h4 h5 11. f5 exf5 12. Qe2+ Qe7 13. Qxe7+ Kxe7 14. g5 Ne4 15. f3 Nd6 16. Bb3 Rd8 17. Bf4 Nd7 18. O-O-O Nb6 19. Rhe1+ Kf8 20. Re5 Rac8 21. Rc5 Nb5 22. Nxb5 cxb5 23. Bc7 Re8 24. d5 Nd7 25. Rc3 f4 26. Kd2 Bf5 27. Re1 Nb6 28. Bd6+ Kg8 29. Rxe8+ Rxe8 30. Bxf4 Nxd5 31. Bxd5 1/2-1/2

[Event "GER-ch 81st"]
[Site "Bad Liebenzell"]
[Date "2010.03.12"]
[Round "8"]
[White "Krassowizkij, Jaroslaw"]
[Black "Issing, Peter"]
[Result "0-1"]
[WhiteElo "2244"]
[BlackElo "2291"]
[EventDate "2010.03.05"]
[PlyCount "42"]

1. e4 e5 2. f4 d5 3. exd5 c6 4. dxc6 Nxc6 5. Bb5 exf4 6. Nf3 Bd6 7. d4 Nge7 8. O-O O-O 9. Nc3 Bg4 10. Ne2 Ng6 11. c4 Rc8 12. Bxc6 Rxc6 13. c5 Bb8 14. b4 Bxf3 15. Rxf3 Nh4 16. Rf2 f3 17. gxf3 Rg6+ 18. Kh1 Re8 19. Nf4 Qxd4 20. Be3 Qxe3 21. Re2 Qxf3+ 0-1

[Event "GER-ch 81st"]
[Site "Bad Liebenzell"]
[Date "2010.03.12"]
[Round "8"]
[White "Kummerow, Heiko"]
[Black "Kotainy, Jens"]
[Result "0-1"]
[WhiteElo "2361"]
[BlackElo "2243"]
[EventDate "2010.03.05"]
[PlyCount "86"]

1. e4 e6 2. d4 d5 3. Nc3 Nf6 4. Bg5 Bb4 5. e5 h6 6. Bh4 g5 7. Bg3 Ne4 8. Nge2 c5 9. a3 Nxc3 10. Nxc3 Bxc3+ 11. bxc3 Qa5 12. Qd2 Nc6 13. dxc5 Qxc5 14. Be2 Bd7 15. f4 O-O-O 16. Bf2 Qa5 17. O-O Rdg8 18. Be3 gxf4 19. Bxf4 h5 20. Bg5 Qc5+ 21. Kh1 Rh7 22. Bf6 h4 23. Bd3 Rh5 24. Qe2 Rh6 25. Qd2 Rh5 26. Be2 h3 27. g3 Rf5 28. Rxf5 exf5 29. Bf3 Be6 30. Rd1 Qxa3 31. Bxd5 Bxd5+ 32. Qxd5 Qxc3 33. Qd7+ Kb8 34. Qxf5 Nd4 35. Qe4 Rg4 36. Qd5 Nc6 37. Rf1 Qxc2 38. e6 Re4 39. Rg1 Rxe6 40. Bg5 Re2 41. Bf4+ Kc8 42. g4 Qe4+ 43. Qxe4 Rxe4 0-1

[Event "GER-ch 81st"]
[Site "Bad Liebenzell"]
[Date "2010.03.12"]
[Round "8"]
[White "Lubbe, Nikolas"]
[Black "Schulze, Ulrich"]
[Result "1-0"]
[WhiteElo "2353"]
[BlackElo "2320"]
[EventDate "2010.03.05"]
[PlyCount "71"]

1. e4 c5 2. Nf3 Nc6 3. d4 cxd4 4. Nxd4 Nf6 5. Nc3 e5 6. Ndb5 d6 7. Bg5 a6 8. Na3 b5 9. Nd5 Be7 10. Bxf6 Bxf6 11. c3 Ne7 12. Nxf6+ gxf6 13. Bd3 d5 14. Qe2 Bb7 15. Rd1 Qb6 16. O-O O-O-O 17. g3 Kb8 18. Nc2 h5 19. exd5 Nxd5 20. Be4 h4 21. Qf3 Qe6 22. Nb4 Nxb4 23. Bxb7 f5 24. cxb4 e4 25. Bxe4 fxe4 26. Qf4+ Kb7 27. Rxd8 Rxd8 28. Qxh4 Rd2 29. Qf4 Qd5 30. a3 f5 31. Rc1 Rd1+ 32. Rxd1 Qxd1+ 33. Kg2 Qd5 34. h4 Kc6 35. Kh2 Qe6 36. h5 1-0

[Event "GER-ch 81st"]
[Site "Bad Liebenzell"]
[Date "2010.03.12"]
[Round "8"]
[White "Mueller, Oliver"]
[Black "Milov, Leonid"]
[Result "0-1"]
[WhiteElo "2297"]
[BlackElo "2556"]
[EventDate "2010.03.05"]
[PlyCount "94"]

1. d4 Nf6 2. c4 c5 3. d5 a6 4. a4 e6 5. Nc3 Bd6 6. Nf3 Bc7 7. e4 d6 8. Bd3 O-O 9. Bg5 h6 10. h4 Ba5 11. Kf1 Bxc3 12. bxc3 hxg5 13. e5 g4 14. exf6 gxf3 15. fxg7 Kxg7 16. Qxf3 Rh8 17. Rh3 e5 18. Bf5 Nd7 19. Rg3+ Kf8 20. Qg4 Qxh4 21. Qg7+ Ke7 22. Rh3 Qxc4+ 23. Bd3 Rxh3 24. Bxc4 Rh1+ 25. Ke2 Rxa1 26. g4 Rxa4 27. Bd3 Rf4 28. g5 e4 29. Bc2 Ne5 30. Ke3 Rf3+ 31. Ke2 e3 32. Be4 Rxf2+ 33. Kxe3 Ng4+ 34. Kd3 b5 35. Bh7 c4+ 36. Ke4 Ne5 37. Qh6 Re2+ 38. Kf4 Rf2+ 39. Ke4 Bg4 40. Qh4 Re2+ 41. Kf4 Kd7 42. Bf5+ Bxf5 43. Kxf5 Re3 44. Qd4 Rf3+ 45. Ke4 Kc7 46. Qg1 Kb7 47. Qa1 Rh8 0-1

[Event "GER-ch 81st"]
[Site "Bad Liebenzell"]
[Date "2010.03.12"]
[Round "8"]
[White "Natsidis, Christoph"]
[Black "Schoene, Ralf"]
[Result "0-1"]
[WhiteElo "2270"]
[BlackElo "2316"]
[EventDate "2010.03.05"]
[PlyCount "54"]

1. c4 Nf6 2. d4 g6 3. Nc3 Bg7 4. e4 d6 5. f3 O-O 6. Be3 Nc6 7. Nge2 e5 8. d5 Ne7 9. g4 Ne8 10. h4 f5 11. g5 c5 12. Nc1 Rf7 13. Be2 f4 14. Bf2 Bf8 15. Nd3 Ng7 16. a3 Nh5 17. Kd2 b6 18. b4 Bd7 19. Rg1 Nc8 20. Qb3 a6 21. a4 a5 22. bxa5 bxa5 23. Nb5 Nb6 24. Qc3 Bc8 25. Nc1 h6 26. Nb3 Kh7 27. Nxa5 Rxa5 0-1

[Event "GER-ch 81st"]
[Site "Bad Liebenzell"]
[Date "2010.03.12"]
[Round "8"]
[White "Prusikin, Michael"]
[Black "Meister, Peter"]
[Result "1/2-1/2"]
[WhiteElo "2542"]
[BlackElo "2407"]
[EventDate "2010.03.05"]
[PlyCount "91"]

1. d4 d5 2. c4 dxc4 3. e3 e5 4. Bxc4 exd4 5. exd4 Nf6 6. Nc3 Bd6 7. Nf3 O-O 8. O-O Nc6 9. h3 a6 10. Re1 h6 11. Ne5 Bxe5 12. dxe5 Qxd1 13. Nxd1 Nd7 14. e6 fxe6 15. Bxe6+ Kh8 16. Be3 Re8 17. Bc4 Nb6 18. Bf1 Nd5 19. Bd2 Rxe1 20. Bxe1 Be6 21. Nc3 Nxc3 22. Bxc3 Rd8 23. a3 Bb3 24. Re1 Kg8 25. f3 Kf7 26. Re3 Ba2 27. Rd3 Rxd3 28. Bxd3 Ne7 29. Kf2 Nd5 30. Be5 c6 31. g4 g6 32. f4 Bb3 33. f5 g5 34. Kf3 Nf6 35. Ke3 Bd5 36. Bf1 Nd7 37. Bd6 b5 38. Kd4 Nf6 39. Bg3 Ne4 40. Be1 Nd6 41. Kc5 Nc4 42. Bxc4 Bxc4 43. a4 Bf1 44. a5 b4 45. h4 Be2 46. hxg5 1/2-1/2

[Event "GER-ch 81st"]
[Site "Bad Liebenzell"]
[Date "2010.03.12"]
[Round "8"]
[White "Roehl, Rainer"]
[Black "Schloetzer, Waldemar"]
[Result "1-0"]
[WhiteElo "2182"]
[BlackElo "2293"]
[EventDate "2010.03.05"]
[PlyCount "111"]

1. e4 d5 2. exd5 Qxd5 3. Nc3 Qa5 4. Nge2 Nf6 5. Ng3 c6 6. Be2 e5 7. d4 exd4 8. Qxd4 Bc5 9. Qh4 Be7 10. Bd2 Be6 11. Qf4 Na6 12. O-O Qc7 13. Bxa6 Qxf4 14. Bxf4 bxa6 15. Rad1 Nd5 16. Nxd5 cxd5 17. Be5 f6 18. Bd4 Kf7 19. Rfe1 Rhc8 20. Rd2 Bd6 21. Nf1 a5 22. Rde2 Re8 23. Nd2 a4 24. a3 Rac8 25. c3 a6 26. Nf1 Rb8 27. g3 g5 28. f3 h5 29. Kf2 Bd7 30. Ne3 Rb5 31. c4 dxc4 32. Nxc4 Rxe2+ 33. Rxe2 Bc7 34. Ne3 h4 35. Rc2 hxg3+ 36. hxg3 Be5 37. Bxe5 fxe5 38. Nc4 Kf6 39. Rd2 Be6 40. Nd6 Rb3 41. Ne4+ Kf5 42. Nc5 Rb6 43. g4+ Kg6 44. Nxa4 Rc6 45. Nc3 Bc4 46. Ne4 Bb3 47. Rd6+ Rxd6 48. Nxd6 Bd1 49. Ne4 Kh6 50. b4 Ba4 51. Nc3 Bc6 52. a4 Kg6 53. b5 axb5 54. axb5 Ba8 55. Na4 e4 56. Nc5 1-0

[Event "GER-ch 81st"]
[Site "Bad Liebenzell"]
[Date "2010.03.12"]
[Round "8"]
[White "Strunski, Andreas"]
[Black "Tischbierek, Raj"]
[Result "1/2-1/2"]
[WhiteElo "2378"]
[BlackElo "2433"]
[EventDate "2010.03.05"]
[PlyCount "31"]

1. d4 Nf6 2. c4 e6 3. Nc3 Bb4 4. Qc2 O-O 5. a3 Bxc3+ 6. Qxc3 d5 7. Nf3 dxc4 8. Qxc4 b6 9. g3 Ba6 10. Qc2 Nbd7 11. Bg2 Bb7 12. O-O c5 13. Rd1 Be4 14. Qc4 Qc8 15. Bg5 Qb7 16. Bxf6 1/2-1/2

[Event "GER-ch 81st"]
[Site "Bad Liebenzell"]
[Date "2010.03.12"]
[Round "8"]
[White "Tabatt, Hendrik"]
[Black "Schwing, Hans Elmar"]
[Result "0-1"]
[WhiteElo "2347"]
[BlackElo "2308"]
[EventDate "2010.03.05"]
[PlyCount "168"]

1. Nf3 d5 2. d4 Nf6 3. c4 c6 4. e3 Bf5 5. Nc3 e6 6. Nh4 Bg4 7. Qb3 Qb6 8. f3 Bh5 9. g4 Bg6 10. c5 Qc7 11. Bd2 Nbd7 12. O-O-O b6 13. g5 Ng8 14. e4 bxc5 15. exd5 Rb8 16. Qa4 exd5 17. Re1+ Kd8 18. Nxg6 hxg6 19. Nxd5 cxd5 20. Ba5 Rb6 21. Bxb6 axb6 22. Qa8+ Qb8 23. Qxd5 Qf4+ 24. Kb1 Qf5+ 25. Qxf5 gxf5 26. dxc5 Nxc5 27. Bc4 f6 28. b4 Nb7 29. Bxg8 Rxg8 30. gxf6 gxf6 31. Rhg1 Rxg1 32. Rxg1 Bxb4 33. Rg8+ Kd7 34. Rg7+ Kc6 35. h4 f4 36. Kc2 Bd6 37. h5 Be5 38. Rf7 Nd6 39. Rf8 Nf5 40. Kd3 Kd5 41. Rh8 Ke6 42. Rh7 b5 43. Ra7 b4 44. Rb7 Bd6 45. Rg7 Bf8 46. Rg4 Bh6 47. Rg8 Kf7 48. Rb8 Bf8 49. Rb7+ Ke6 50. Rb5 Bd6 51. Ra5 Nh6 52. Ra8 Nf7 53. Ke2 Nh6 54. Rh8 Nf5 55. Kd3 Kf7 56. Rh7+ Kg8 57. Rd7 Bf8 58. Rb7 Ng7 59. h6 Ne6 60. h7+ Kh8 61. Kc4 Ng5 62. Kd5 Nxh7 63. Ke6 Ng5+ 64. Kxf6 Nxf3 65. Kf7 Bc5 66. Kg6 Ne5+ 67. Kf5 Nd3 68. Kg6 Kg8 69. Rb8+ Bf8 70. Rd8 Nc1 71. Rd2 f3 72. Rf2 Nd3 73. Rf1 f2 74. Kf5 Bc5 75. Ke4 Ne1 76. Kd5 Ba7 77. Ke4 Kf7 78. Kf4 Ke6 79. Ke4 Kd6 80. Rh1 Kc6 81. Rh6+ Kb5 82. Rf6 Kc4 83. Rc6+ Bc5 84. Rf6 Nd3 0-1

[Event "GER-ch 81st"]
[Site "Bad Liebenzell"]
[Date "2010.03.13"]
[Round "9"]
[White "Baramidze, David"]
[Black "Strunski, Andreas"]
[Result "1/2-1/2"]
[WhiteElo "2528"]
[BlackElo "2378"]
[EventDate "2010.03.05"]
[PlyCount "56"]

1. e4 c5 2. Nf3 a6 3. Nc3 b5 4. d4 cxd4 5. Nxd4 Bb7 6. Bd3 Nc6 7. Nxc6 Bxc6 8. O-O e6 9. Qe2 Bc5 10. Be3 Bxe3 11. Qxe3 Ne7 12. e5 Nd5 13. Nxd5 Bxd5 14. a4 b4 15. Be4 Bxe4 16. Qxe4 a5 17. Rad1 O-O 18. Qb7 Qg5 19. f4 Qf5 20. Rf2 Rac8 21. Rdd2 Rc4 22. g3 h5 23. Qxd7 Rfc8 24. b3 Rxc2 25. Rxc2 Rxc2 26. Rxc2 Qxc2 27. Qe8+ Kh7 28. Qxf7 Qd1+ 1/2-1/2

[Event "GER-ch 81st"]
[Site "Bad Liebenzell"]
[Date "2010.03.13"]
[Round "9"]
[White "Bogner, Sebastian"]
[Black "Khenkin, Igor"]
[Result "1/2-1/2"]
[WhiteElo "2522"]
[BlackElo "2597"]
[EventDate "2010.03.05"]
[PlyCount "33"]

1. d4 Nf6 2. c4 e6 3. Nf3 d5 4. Nc3 Bb4 5. Bg5 h6 6. Bxf6 Qxf6 7. e3 O-O 8. Qb3 c5 9. cxd5 exd5 10. Be2 Nc6 11. a3 c4 12. Qa4 Bxc3+ 13. bxc3 a6 14. Nd2 b5 15. Qd1 Bf5 16. O-O Qd6 17. Re1 1/2-1/2

[Event "GER-ch 81st"]
[Site "Bad Liebenzell"]
[Date "2010.03.13"]
[Round "9"]
[White "Hager, Joshua Aarash"]
[Black "Bastian, Herbert"]
[Result "1-0"]
[WhiteElo "2221"]
[BlackElo "2351"]
[EventDate "2010.03.05"]
[PlyCount "69"]

1. d4 Nf6 2. c4 g6 3. Nc3 Bg7 4. e4 O-O 5. Nge2 c5 6. d5 d6 7. Ng3 e6 8. Be2 exd5 9. cxd5 a6 10. a4 Qa5 11. Bd2 h5 12. Nf1 Re8 13. Ne3 Qc7 14. f3 b6 15. O-O Nbd7 16. Qc2 Rb8 17. Rfb1 Ne5 18. h3 c4 19. f4 Nd3 20. Nxc4 Nb4 21. Qb3 Nxe4 22. Nxe4 Rxe4 23. Bxb4 Rxe2 24. Bxd6 Qd8 25. Bxb8 Qxd5 26. Qf3 Qxc4 27. Re1 Rxb2 28. Rad1 Be6 29. Be5 Bxe5 30. fxe5 Qh4 31. Rf1 Rb3 32. Qa8+ Kg7 33. Rd8 Qb4 34. Rg8+ Kh7 35. Rh8+ 1-0

[Event "GER-ch 81st"]
[Site "Bad Liebenzell"]
[Date "2010.03.13"]
[Round "9"]
[White "Heinig, Wolfram"]
[Black "Fiebig, Thomas"]
[Result "1/2-1/2"]
[WhiteElo "2345"]
[BlackElo "2428"]
[EventDate "2010.03.05"]
[PlyCount "21"]

1. d4 d5 2. c4 c6 3. cxd5 cxd5 4. Nf3 Nf6 5. Nc3 Nc6 6. Bf4 e6 7. e3 a6 8. Bd3 Bd6 9. Bg3 Bxg3 10. hxg3 Qd6 11. Rc1 1/2-1/2

[Event "GER-ch 81st"]
[Site "Bad Liebenzell"]
[Date "2010.03.13"]
[Round "9"]
[White "Hirneise, Tobias"]
[Black "Huschenbeth, Niclas"]
[Result "0-1"]
[WhiteElo "2438"]
[BlackElo "2404"]
[EventDate "2010.03.05"]
[PlyCount "118"]

1. c4 e5 2. g3 Nf6 3. Bg2 d5 4. cxd5 Nxd5 5. Nc3 Nb6 6. Nf3 Nc6 7. d3 Be7 8. a3 O-O 9. O-O Re8 10. b4 Bf8 11. Be3 h6 12. Nd2 Nd4 13. Nb3 c6 14. Rb1 Bf5 15. Ne4 Nd5 16. Bd2 b6 17. Rc1 Qd7 18. Nxd4 exd4 19. Rc4 Ne7 20. Bf4 Be6 21. Nd6 Bxc4 22. Nxe8 Bd5 23. Nd6 Bxg2 24. Kxg2 Nd5 25. Ne4 Nxf4+ 26. gxf4 Qg4+ 27. Ng3 Qxf4 28. Qc1 Qxc1 29. Rxc1 c5 30. b5 a6 31. Rb1 Bd6 32. Nf5 Bc7 33. Ne7+ Kf8 34. Nd5 Bd8 35. a4 axb5 36. Rxb5 Ra6 37. e3 dxe3 38. fxe3 Ke8 39. d4 cxd4 40. exd4 Rxa4 41. Nxb6 Bxb6 42. Rxb6 Rxd4 43. Kf3 Ke7 44. Ra6 Rd6 45. Ra8 Kf6 46. Kg3 g5 47. Rg8 Rd4 48. Kf3 Kf5 49. Rg7 f6 50. Kg3 Rd3+ 51. Kg2 Rd4 52. Kg3 h5 53. Rg8 Rd3+ 54. Kg2 Kg4 55. Rf8 Rd2+ 56. Kg1 f5 57. h4 Kg3 58. Kf1 Rf2+ 59. Kg1 g4 0-1